US Cities with the tallest buildings - Statistics

General Stats
  • This quiz has been taken 55 times
  • The average score is 16 of 20
Answer Stats
Building Height City % Correct
One World Trade Center 1776 ft (541 m) New York City
100%
Willis Tower 1450 ft (442 m) Chicago
98%
Wilshire Grand Center 1100 ft (335 m) Los Angeles
96%
Panorama Tower 868 ft (265 m) Miami
94%
Salesforce Tower 1070 ft (326 m) San Francisco
92%
200 Clarendon Street 790 ft (241 m) Boston
90%
JPMorgan Chase Tower 1002 ft (305 m) Houston
90%
Comcast Technology Center 1121 ft (342 m) Philadelphia
90%
Columbia Center 933 ft (284 m) Seattle
90%
Bank of America Plaza 921 ft (281 m) Dallas
88%
Bank of America Plaza 1023 ft (312 m) Atlanta
84%
IDS Center 792 ft (241 m) Minneapolis
84%
U.S. Steel Tower 841 ft (256 m) Pittsburgh
78%
Waterline 1034 ft (315 m) Austin
76%
Bank of America Corporate Center 871 ft (265 m) Charlotte
73%
Key Tower 948 ft (289 m) Cleveland
71%
Fontainebleau ___ _____ 735 ft (224 m) Las Vegas
69%
Devon Energy Center 844 ft (257 m) Oklahoma City
53%
99 Hudson Street 889 ft (271 m) Jersey City
47%
RSA Battle House Tower 745 ft (227 m) Mobile
12%
No matching quizzes found
Score Distribution
Percent of People with Each Score
Percentile by Number Answered
Your Score History
You have not taken this quiz